000 00491nam a2200181 a 4500
003 DO-SdBNP
005 20221019103732.0
007 ta
008 110629s19uu dr f 000 0 spa d
040 _aDO-SdBNP
_bspa
_cBNPHU
082 _axxxx
_bxxxx
245 0 0 _aEstatutos :
_bde la cooperativa agropecuaria /
260 _aSanto Domingo :
_bEscuela grafica Salesiana,
_c[19--]?.
300 _a31 p. ;
_c23 cm.
590 _aInventariado, 2022/ YL
910 _aYLockward
942 _2ddc
_cLF2
999 _c52575
_d52575